logo

Bir Sreshtho Munshi Abdur Rouf Library
Jhenaidah Cadet College

বাংলা ভাষায় উচ্চশিক্ষা: (Record no. 11592)

MARC details
000 -LEADER
fixed length control field 00718nam a2200217 a 4500
001 - CONTROL NUMBER
JCCL Control Number 11592
003 - CONTROL NUMBER IDENTIFIER
JCCL marc code BD-JhCC
005 - DATE AND TIME OF LATEST TRANSACTION
control field 20200702120652.0
008 - FIXED-LENGTH DATA ELEMENTS--GENERAL INFORMATION
fixed length control field 200702b2020 bg |||| ||a| 000 0 ben d
020 ## - INTERNATIONAL STANDARD BOOK NUMBER
International Standard Book Number 9789845100991
035 ## - SYSTEM CONTROL NUMBER
system control number (BD-JhCC)11592
040 ## - CATALOGING SOURCE
Original cataloging agency BD-JhCC
Modifying agency BD-JhCC
041 ## - LANGUAGE CODE
Language code of Book ben
082 ## - DEWEY DECIMAL CLASSIFICATION NUMBER
Author mark and Year SAR 2020
100 ## - MAIN ENTRY--PERSONAL NAME
Personal name সরকার, স্বরোচিষ
245 ## - TITLE STATEMENT
Title বাংলা ভাষায় উচ্চশিক্ষা:
Statement of responsibility, etc প্রত্যাশা ও অন্তরায় /
Remainder of title স্বরোচিষ সরকার ।
260 ## - PUBLICATION, DISTRIBUTION, ETC. (IMPRINT)
Place of publication, distribution, etc ঢাকা:
Name of publisher, distributor, etc কথা প্রকাশ;
Date of publication, distribution, etc ২০২০.
300 ## - PHYSICAL DESCRIPTION
Pagination 110 p. :
Dimensions 20 cm.
942 ## - ADDED ENTRY ELEMENTS (KOHA)
Source of classification or shelving scheme Dewey Decimal Classification
Koha item type Books
Holdings
Source of classification or shelving scheme Damaged status Not for loan Home library Current library Shelving location Date of accession Cost, normal purchase price Total Checkouts Full call number Barcode Date last seen Copy number Koha item type
Dewey Decimal Classification     JCC Rouf Library JCC Rouf Library General Stacks 07/01/2020 150.00   SAR 2020 15884 07/02/2020 C-1 Books

JCC Library | Contacts | JCC Home

Last Update on 23 September 2017
Copyright @ 2017-2020 JCC Rouf Library
Rouf Library, Jhenidah Cadet College (JCC), Bangladesh